Alabama Football - Statistics

General Stats
  • This quiz has been taken 598 times
    597 since last reset
  • The average score is 4 of 10
Answer Stats
Hint Answer % Correct
Coach 2011 Nick Saban
85%
Heisman Winner Mark Ingram
80%
What is the name of the stadium 2011 Bryant-Denny Stadium
72%
How many SEC Championships have they won? 21
60%
starting quarterback 2011 AJ McCarron
59%
Who holds the record for the most rushing yards? Shaun Alexander
39%
How many sacks did Derrick Thomas have in his career at Alabama? 52
27%
Which former Alabama player became a movie star? Johnny Mack Brown
9%
Which NFL team drafted Joe Namath? St. Louis Cardinals
3%
Who scored the last touchdown of the Bear Bryant era? Craig 'Touchdown' Turner
2%
No matching quizzes found
Score Distribution
Percent of People with Each Score
Percentile by Number Answered
Your Score History
You have not taken this quiz since the last reset